Atlanta Hawks playoff roster 2023 - Statistics

General Stats
  • This quiz has been taken 12 times
  • The average score is 9 of 17
Answer Stats
Hint Answer % Correct
11 Trae Young
100%
15 Clint Capela
90%
5 Dejounte Murray
90%
13 Bogdan Bogdanovic
80%
12 De'Andre Hunter
80%
1 Jalen Johnson
60%
20 John Collins
60%
17 Onyeka Okongwu
60%
41 Saddiq Bey
50%
14 AJ Griffin
40%
3 Aaron Holiday
30%
24 Bruno Fernando
30%
4 Donovan Williams
20%
2 Trent Forrest
20%
22 Tyrese Martin
20%
25 Garrison Matthews
10%
27 Vit Krejci
10%
No matching quizzes found
Score Distribution
Percent of People with Each Score
Percentile by Number Answered
Your Score History
You have not taken this quiz